000 00254nam a2200097Ia 4500
082 _aEJF SEWE
245 0 _aBlack Beauty
100 _a Sewell, Anna. , 182-1878 ** London, 2R5 ** *
_9110823
942 _cBK
008 210825s9999 xx 000 0 und d
999 _c500921
_d500920